El Mercado ordenado del trigo argentino / por Emilio A. Coni
Descripción Física:
124, [28] p. de làm. : il., quadres, gràf. ; 27 cm
MARC
| LEADER | 00000nam a2200000Ia 4500 | ||
|---|---|---|---|
| 001 | 14371 | ||
| 008 | 160829s1932 xx 000 0 cat d | ||
| 080 | |a M-4-211 | ||
| 100 | |a Coni, Emilio A. |9 22366 | ||
| 245 | |a El Mercado ordenado del trigo argentino / por Emilio A. Coni | ||
| 260 | |a Buenos Aires : |b El Ateneo, |c 1932 | ||
| 300 | |a 124, [28] p. de làm. : |b il., quadres, gràf. ; |c 27 cm | ||
| 590 | |a Bibliografia. | ||
| 590 | |a Notes | ||
| 650 | |a Blat |x Argentina |x Comerç |9 22367 | ||
| 650 | |a Blat |x Argentina |x Mercat |9 22368 | ||
| 901 | |a Arxiu | ||
| 942 | |n 1 | ||
| 952 | |0 0 |1 0 |4 0 |6 M4211 |7 1 |9 42188 |a Arxiu |b Arxiu |d 2016-12-01 |l 0 |o M-4-211 |p 14371 |r 2016-12-01 00:00:00 |w 2016-12-01 |y ARXIU | ||
| 999 | |c 44635 |d 44635 | ||